Peňažný fond už nie je tým, čím býval
Význam peňažných fondov. Likvidita a výnos. Budúci výnos a garancia. Peňažné fondy a termínované vklady ako stabilizačná zložka investičného portfólia.
Gespeichert in:
| 1. Verfasser: | |
|---|---|
| Format: | Buchkapitel |
| Sprache: | Slowakisch |
| Schlagworte: | |
| Tags: |
Keine Tags, Fügen Sie das erste Tag hinzu!
|
MARC
| LEADER | 00000naa$a2200000$$$4500 | ||
|---|---|---|---|
| 001 | 0078950 | ||
| 005 | 20240502071914.2 | ||
| 041 | 0 | |a slo | |
| 044 | |a SK | ||
| 245 | 1 | 0 | |a Peňažný fond už nie je tým, čím býval |c Pavel Škriniar |
| 520 | |a Význam peňažných fondov. Likvidita a výnos. Budúci výnos a garancia. Peňažné fondy a termínované vklady ako stabilizačná zložka investičného portfólia. | ||
| 610 | 2 | 0 | |a fondy peňažné |
| 610 | 2 | 0 | |a investovanie |
| 610 | 2 | 0 | |a likvidita |
| 610 | 2 | 0 | |a výnosy |
| 610 | 2 | 0 | |a úrok |
| 610 | 2 | 0 | |a portfólio |
| 100 | 1 | |a Škriniar, Pavel, 1979- | |